00972nam a22002537a 45000010005000000030006000050050017000110080041000280200018000690400029000870500013001160820010001291000032001392450041001712600064002123000037002764900018003135050007003315200296003385210018006345210018006526500031006706500017007019350FISKH20251211143338.0251211b cb ||||| |||| 00| 0 eng d a9781433335778 aFISKHbengcFISKHdFISKH aQK49.R53 a571.8 aRice, Dona Herweck eAuthor aHow plants grow /cDona Herweck Rice aHuntington Beach :bTeacher Created Materials, Inc. ,c2012 a12 pages :bphotographs ;c20 cm aTime for Kids aE  aBeginning readers explore the steps to make plants grow! Readers will learn about various parts of the plant including seeds, roots and leaves in this engaging nonfiction title. Featuring vivid, clear photos and simple, informational text, even the most reluctant reader will be captivated!.8 a210 bLexile 8 aE bRaz-Plus  aEducational vNon-fiction  aFarmvFamily